Statistics for Countries with the Largest Exclusive Economic Zone

Click here to take the quiz!

General Stats

  • This quiz has been taken 24,003 times
    (23,861 since last reset)
  • The average score is 15 of 20

Answer Stats

Sq. Km Country % Correct
11,351,000United States
99%
7,567,000Russia
97%
8,505,000Australia
95%
5,599,000Canada
95%
6,806,000United Kingdom
94%
3,661,000Brazil
93%
4,479,000Japan
93%
2,305,000India
89%
6,159,000Indonesia
87%
3,269,000Mexico
87%
11,692,000France
86%
3,682,000Chile
83%
4,084,000New Zealand
82%
2,385,000Norway
76%
2,551,000Denmark
65%
1,727,000Portugal
56%
2,996,000F. S. Micronesia
36%
2,402,000Papua New Guinea
33%
3,442,000Kiribati
31%
1,991,000Marshall Islands
29%

Score Distribution

Percentile by Number Answered

Percent of People with Each Score

Your Score History

You have not taken this quiz since the last reset